| 000 | 00552nam a2200169Ia 4500 | ||
|---|---|---|---|
| 999 |
_c20518 _d20518 |
||
| 003 | OSt | ||
| 005 | 20200624125622.0 | ||
| 008 | 190216s9999||||xx |||||||||||||| ||und|| | ||
| 020 | _a9780195641769 | ||
| 040 | _coclc | ||
| 082 |
_a954.030882971 _bHAS/L |
||
| 100 |
_aHasan, Mushirul _92560 |
||
| 245 | 0 |
_aLegacy Of A Divided Nation Inida`s Muslims Since Independence / _cMushirul Hasan |
|
| 260 |
_bOxford University Press, _c1997. _aNew Delhi: |
||
| 300 | _a383p | ||
| 942 |
_cBK _2ddc _h954.030882971 _iHAS/L _k954.030882971 _mHAS/L |
||